000 00445 a2200157 4500
999 _c7507
_d7507
020 _a6009642450550
050 _aDT960.4MAR2012
100 _aMartin , David
_eauthor
245 _aThe Struggle for Zimbabwe /
_cDavid Martin and Phyllis Johnson
264 _aZimbabwe:
_bLongman,
_c2014
300 _a378p. :
500 _aincludes index
650 _aStruggle...Zimbabwe
700 _aJohnson Phyllis
_eauthor
942 _2lcc
_cBK
_h960.4
_iMAR
_kDT